every territory in the world - Statistics

General Stats
  • This quiz has been taken 18 times
  • The average score is 23 of 46
Answer Stats
continent which country it
belongs to
Answer % Correct
north america denmark greenland
100%
north america netherlands aruba
85%
europe uk gibraltar
85%
north america netherlands curaçao
77%
europe denmark faroe islands
77%
europe france guernsey
77%
europe uk isle of man
77%
europe france jersey
77%
north america uk british virgin islands
69%
africa spain ceuta
69%
south america uk falkland islands
69%
north america netherlands and france saint martin
69%
north america uk bermuda
62%
north america netherlands bonaire
62%
oceania new zealand cook islands
62%
africa spain melilla
62%
north america usa us virgin islands
62%
south america france french guiana
54%
oceania france french polynesia
54%
north america france guadeloupe
54%
north america france martinique
54%
oceania france niue
54%
north america usa puerto rico
54%
africa france reunion
54%
north america uk anguilla
46%
oceania usa guam
46%
north america uk montserrat
46%
oceania usa northern mariana islands
46%
oceania uk pitcairn islands
46%
oceania usa american samoa
38%
north america uk cayman islands
38%
asia china hong kong
38%
north america france saint pierre and maquelon
38%
oceania new zealand tokelau
38%
asia china macao
31%
africa france mayotte
31%
south america uk south georgia and south sandwich islands
31%
north america uk turks and caicos islands
31%
asia uk british indian ocean territory
23%
asia australia christmas islands
23%
africa france french southern and antarctic lands
23%
oceania australia norfolk islands
23%
asia australia cocos islands
15%
africa uk saint helena ascension and tristan da cunha
15%
oceania france new celadonia
0%
oceania france wallis and fortuna
0%
No matching quizzes found
Score Distribution
Percent of People with Each Score
Percentile by Number Answered
Your Score History
You have not taken this quiz